|
|
|
|
| LEADER |
03376nam a22003613i 4500 |
| 001 |
EBC30469292 |
| 003 |
MiAaPQ |
| 005 |
20231204023230.0 |
| 006 |
m o d | |
| 007 |
cr cnu|||||||| |
| 008 |
231204s2022 xx o ||||0 ger d |
| 020 |
|
|
|a 9783839464014
|q (electronic bk.)
|
| 035 |
|
|
|a (MiAaPQ)EBC30469292
|
| 035 |
|
|
|a (Au-PeEL)EBL30469292
|
| 040 |
|
|
|a MiAaPQ
|b eng
|e rda
|e pn
|c MiAaPQ
|d MiAaPQ
|
| 100 |
1 |
|
|a Keller, Valerie.
|
| 245 |
1 |
0 |
|a Selbstsorge Im Leben Mit Demenz :
|b Potenziale Einer Relationalen Praxis.
|
| 250 |
|
|
|a 1st ed.
|
| 264 |
|
1 |
|a Bielefeld :
|b Transcript Verlag,
|c 2022.
|
| 264 |
|
4 |
|c ©2022.
|
| 300 |
|
|
|a 1 online resource (279 pages)
|
| 336 |
|
|
|a text
|b txt
|2 rdacontent
|
| 337 |
|
|
|a computer
|b c
|2 rdamedia
|
| 338 |
|
|
|a online resource
|b cr
|2 rdacarrier
|
| 490 |
1 |
|
|a Care - Forschung und Praxis Series ;
|v v.8
|
| 505 |
0 |
|
|a Cover -- Inhalt -- 1 Einleitung: Forschungsinteresse und Aufbau der Analyse -- 1.1 Von der leeren Hülle zur sozialen Akteurin -- 1.2 Diskurse der Tragödie und des guten Lebens -- 1.3 Handlungsfähigkeit und Interdependenz -- 1.4 Aufbau der Analyse -- 2 Analysekategorien -- 2.1 Die Demenz -- 2.2 Die Selbstsorge -- 3 Methoden und Quellen -- 3.1 Quellenkorpus -- 3.2 Problemzentriertes Interview mit Menschen mit Demenz -- 3.3 Teilnehmende Beobachtung -- 3.4 Textanalyse nach Grounded Theory -- 3.5 Die Struktur der Verantwortlichkeit -- 4 Das erschütterte Selbstbild -- 4.1 Ich bin nicht mehr ich -- 4.2 Stabilisieren der Relation zu sich selbst -- 4.3 Herstellung eines positiven Selbstbilds -- 4.4 Biografisches Verweben der Demenz -- 4.5 Selbstsorge in Relation zu sich selbst -- 4.6 Exkurs: Selbstsorge bei fortgeschrittener Demenz -- 5 Zwischen Selbstständigkeit und Abhängigkeit -- 5.1 Ich bin eine Belastung für andere -- 5.2 Stärkung von Selbstständigkeit -- 5.3 Annahme von Abhängigkeit -- 5.4 Selbstsorge in Relation zu anderen Menschen -- 6 Von Exklusionserfahrungen und Teilhabemöglichkeiten -- 6.1 Stigmatisierung, Exklusion und Sinnlosigkeit -- 6.2 Stigma-Management -- 6.3 Neupositionierung -- 6.4 Sinnfindung -- 6.5 Selbstsorge in Relation zu gesellschaftlichen Strukturen -- 7 Vom Verwelkungsverbot zum anderen Altern -- 7.1 Ich darf nicht verwelken -- 7.2 Die kleinen Wege des anderen Alterns -- 7.3 Selbstsorge in Relation zur Physis -- 8 Abschließende Überlegungen -- 8.1 Selbstsorge als vielfach relationales Geschehen -- 8.2 Selbstsorge als Prozess -- 8.3 Ressourcen der Selbstsorge -- 8.4 Selbstregulierung oder Selbstsorge? -- 8.5 Ausblick: Selbstsorge ermöglichende Umfelder -- Anhang -- Abbildungsverzeichnis -- Primärquellen: Literatur -- Primärquellen: Filme -- Sekundärliteratur -- Internetseiten -- Transkriptionsregeln -- Quellentabellen.
|
| 588 |
|
|
|a Description based on publisher supplied metadata and other sources.
|
| 590 |
|
|
|a Electronic reproduction. Ann Arbor, Michigan : ProQuest Ebook Central, 2023. Available via World Wide Web. Access may be limited to ProQuest Ebook Central affiliated libraries.
|
| 655 |
|
4 |
|a Electronic books.
|
| 776 |
0 |
8 |
|i Print version:
|a Keller, Valerie
|t Selbstsorge Im Leben Mit Demenz
|d Bielefeld : Transcript Verlag,c2022
|
| 797 |
2 |
|
|a ProQuest (Firm)
|
| 830 |
|
0 |
|a Care - Forschung und Praxis Series
|
| 856 |
4 |
0 |
|u https://ebookcentral.proquest.com/lib/matrademy/detail.action?docID=30469292
|z Click to View
|